Представление документа в формате MARC21

Поле Инд. ПП Название Значение
Тип записи a
Библиографический уровень m
001 Контрольный номер 8b5c21ac-d4a5-4113-b7b2-3922d91c46cf
005 Дата корректировки 20141114154014.7
008 Кодируемые данные 000721 d
020 c Цена, тираж 16.34
040 a Служба первич. каталог. НБ ТвГУ
041 a Код языка текста rus
080 a Индекс УДК 517.3
084 a Индекс другой классификации/Индекс ББК В161.2
090 a Полочн. индекс 517.212.2
x Авторский знак Б91
c Каталожный индекс В161.2
100 1_ a Автор Бурбаки Никола
q Полное имя Бурбаки Н.
245 0_ a Заглавие Интегрирование. Векторное интегрирование. Мера Хаара. Свертка и представления
c Ответственность пер. с фр. Е. И. Стечкиной ; под ред. Д. А. Райкова, С. Б. Стечкина
260 0_ a Место издания Москва
b Издательство Наука
c Дата издания 1970
300 a Объем 320 с.,[3] л. ил.
440 a Серия Элементы математики
n Номер части Кн. 6
500 a Примечание Перевод изд.: Elements de mathematique /N. Burbaki (Paris).
504 a Библиография Библиогр.: с.314.- Указ.: с. 315-320.
583 a Действие Приписка 393 17.07.98
k Исполнитель действия ОРФ ОУНБ им.А.М.Горького
650 a Основная рубрика Интегрирование
650 a Основная рубрика Интегральные преобразования
650 a Основная рубрика Интегрирование векторное
650 a Основная рубрика Меры (мат.)
650 a Основная рубрика Свертки (мат.)
653 a Ключевые слова Векторное интегрирование
a Ключевые слова Интегральные преобразования
a Ключевые слова Интегрирование
a Ключевые слова Мера Хаара
a Ключевые слова Меры (мат.)
a Ключевые слова Свертки (мат.)
700 1_ a Другие авторы Стечкина Е. И.
e Роль лиц пер.
852 t Порядковый номер экземпляра 1
p Инвентарный номер 698665
888 a Безвозмездно
920 a Оператор Шалы
952 p 393.98 16.34 1 698665
c Вид литературы К рн
954 a Дата поступления на обработку 19980723
999 a Подразделение 2 Фил3